Responses for Show #1107 - Tuesday, May 30, 1989

Contestants

[<< previous game]

Nancy Dorn, a housewife from Denver, Colorado

Morgan Spector, an attorney originally from Los Angeles, California

Robert Windeler, a writer from Beverly Hills, California (whose 1-day cash winnings total $6,100)

[next game >>]

Jeopardy! Round responses

MARCH
AMERICAN INDIANS
WINE
MULTIPLE MEANINGS
TV ACTORS & ROLES
DR. SEUSS
    $100 1
lamb

Robert
    $100 21
moats

Triple Stumper
    $100 16
a cork

Morgan
    $100 4
leaves

Nancy
    $100 11
Andy Griffith

Robert
    $100 23
Horton

Nancy
    $300 2
[The song was reprised going into the break.]

"Davy Crockett", "The Ballad of Davy Crockett"

Robert
    $200 22
(Robert: Uh, who were the Americans?)

the British

RobertMorgan
    $200 17
carbon dioxide (carbonic acid gas)

Nancy
    $200 5
spit

Triple Stumper
    $200 12
Cicely Tyson

Nancy
    $200 24
(Alex: We've got a minute to go.)

Dr. Seuss's first book

Morgan
    $300 3
San Juan Capistrano

Morgan
    $300 28
the Department of the Interior

Robert
    $300 18
sherry

Robert
    $300 6
sash

Triple Stumper
    $300 13
Betty White

Robert
    $300 25
Bartholomew Cubbins

Triple Stumper
    $400 9
Ides of March, March 15th

Nancy
    $400 29
(Morgan: Who is Pocahontas?)

Sacajawea

MorganNancy
    $400 19
Vesuvius

Nancy
    $400 7
fleet

Robert
    $400 14
Patrick Duffy

Robert
    $400 26
Gerald McBoing-Boing

Triple Stumper
    $500 10
March 4th

Robert
    $500 30
Pontiac

Robert
    $500 20
Tuscany

Robert
    $500 8
brazier

Robert
    $500 15
Jane Curtin

Robert
    $500 27
Green Eggs and Ham

Morgan

Scores at the first commercial break (after clue 13):

Robert Morgan Nancy
$2,200 $300 $700

Scores at the end of the Jeopardy! Round:

Robert Morgan Nancy
$4,500 $900 $1,800

Double Jeopardy! Round responses

COLONIAL AMERICA
PUBLISHING
DOGS
THE EARTH
LANGUAGES
BROADWAY SONGS
    $200 17
Miles Standish

Robert
    $200 9
doctors

Morgan
    $200 1
a Pekingese

Robert
    $200 12
erosion

Morgan
    $200 26
[The end-of-round signal sounds.]

French

Morgan
    $200 2
Bali Hai

Nancy
    $400 21
sugar

Robert
    $400 18
(Nancy: What's Life?)

Look

RobertNancy
    $400 5
a pug

Morgan
    $400 13
the Ring of Fire

Triple Stumper
    $400 3
several stories high

Triple Stumper
    $600 23
a stock (pillory)

Nancy
    $600 19
the Herald Tribune

Robert
    $600 6
Chow

Robert
    $600 14
(Robert: What is Greenland?)

Iceland

Robert
Triple Stumper
    $600 4
(Robert: What is December?)

November

RobertMorgan
    $800 24
(Morgan: What are printers?)
(Robert: What are storytellers?)

artists

RobertMorgan
Triple Stumper
    $800 20
Elle

Nancy
    $800 10
a Lhasa Apso

Nancy
    $800 15
(Morgan: What is coal, gasoline & oil?)
[Accepted as correct; changed to incorrect after next clue]

coal, gas & oil

Morgan
Triple Stumper
    $800 7
"What Kind Of Fool I Am"

Robert
    $1000 25
(Morgan: What are diaries?)

poems

Morgan
Triple Stumper
    $1000 22
(Alex: We've got a minute to go, Robert.)

Grit

Triple Stumper
    $1000 11
a Basenji

Morgan
    $1000 16
(Morgan: What is [**]?)
...
(Alex: [After hearing offstage buzz] Morgan, although we were looking for, "What is [*]?", I understand we are going to credit you with a correct response for, "What is [**]?"; but I also have some bad news for you, it goes back to the previous clue--you said, uh, oil, coal and gasoline--gasoline is incorrect, gas is the response we were going for.)

chalk (limestone)

Morgan
    $600 8
a big bassoon

Robert

Scores at the end of the Double Jeopardy! Round:

Robert Morgan Nancy
$6,300 $1,900 $3,800

[wagering suggestions for these scores]

Final Jeopardy! Round responses

COINS
(Alex: [To Robert] The important part of the clue was the date, 1893; you had to start thinking 400 years, perhaps the discovery of America by Columbus.)
MorganWho was Queen Victoria?
$100
NancyWho was Queen Victoria
$3,800
RobertWho was Queen Isabella of Spain?
$1,301
Queen Isabella

Final scores:

Robert Morgan Nancy
$7,601 $1,800 $0
2-day champion: $13,701 2nd place: Merillat oak modular shelving system & Baldwin Brass accessories + Jeopardy! box game or Jeopardy! Challenger 3rd place: Skyway luggage + Jeopardy! box game or Jeopardy! Challenger

Game dynamics:

Coryat scores:

Robert Morgan Nancy
$6,600 $1,900 $3,800
21 R
(including 2 DDs),
4 W
12 R,
4 W
11 R,
1 W

Combined Coryat: $12,300

[game clues] [game scores] [suggest correction]

Game tape date: 1989-02-06
The J! Archive is created by fans, for fans. Scraping, republication, monetization, and malicious use prohibited; this site may use cookies and collect identifying information. See terms. The Jeopardy! game show and all elements thereof, including but not limited to copyright and trademark thereto, are the property of Jeopardy Productions, Inc. and are protected under law. This website is not affiliated with, sponsored by, or operated by Jeopardy Productions, Inc. Join the discussion at JBoard.tv.